000 00296nam a22001337a 4500
008 170327b xxu||||| |||| 00| 0 eng d
020 _a9780323016759
041 _aeng
080 _25 ED
_a615.83
100 _a8
101 _aSHM
245 _aPHYSICAL EXAMIANTION
_cSEIDEL.H.M
942 _2udc
_cBK
999 _c8752
_d8752